Pays dont les capitales ont le même nom ou presque - Statistiques

Statistiques générales
  • Ce quiz a été pris 28 fois
  • Le résultat moyen est 10 sur 17
Statistiques - réponses
Pays % Correct
Saint-Marin
88%
Andorre
83%
Monaco
79%
Vatican
75%
Guatemala
71%
Luxembourg
67%
Brésil
58%
Mexique
58%
Algérie
54%
Panama
54%
Tunisie
54%
Djibouti
46%
Guinée-Bissau
42%
Singapour
42%
Sao Tomé-et-Principe
38%
Koweit
33%
Salvador
29%
Aucun quiz correspondant
Distribution des résultats
% des personnes avec chaque résultat
Percentile par nombre de réponses
Votre historique - résultats
Vous n’avez pas pris ce quiz